000 00500nam a2200205Ia 4500
008 170918s9999 xx 000 0 und d
020 _a9780590486128
050 _bB852 1991
100 _aBridwell, Norman
245 _aClifford, we love you /
245 _cby Norman Bridwell.
260 _aNew York :
260 _bScholastic,
260 _c1991
300 _aunpaged :
300 _bcolored illustration ;
300 _c21cm.
440 _aClifford the big red dog.
500 _a120
999 _c342995
_d342995